Brilliant Manager : what the best managers know,do and say /

Bibliographic Details
Main Author: Peeling,Nic
Format: Book
Published: New York: Prentice Hall Pearson Education, 2005.
Subjects:
LEADER 00504cam a2200181 7i4500
001 0000024444
005 20151104090000.0
005 ##20151104130400.0
003 ##MY-KlINT
020 # # |a 0273702130  
039 # 9 |y 201511041304  |z VLOAD 
090 0 0 |a E 658   |b PEE 
100 1 # |a Peeling,Nic 
245 1 0 |a Brilliant Manager :   |b what the best managers know,do and say /   |c Nic Peeling. 
260 # # |a New York:   |b Prentice Hall Pearson Education,   |c 2005. 
300 # # |a 207p;   |c 22cm. 
504 # # |a Includes index 
650 # 0 |a Management